[Event "Enschede op-C U14"]
[Site "Enschede"]
[Date "2009.08.05"]
[Round "5"]
[White "Ponnodurai, Presana"]
[Black "Dokter, Dani"]
[Result "0-1"]
[WhiteElo "688"]
[BlackElo "1061"]
[PlyCount "110"]
[EventDate "2009.08.03"]
[EventType "swiss"]
[EventRounds "7"]
[EventCountry "NED"]
[SourceTitle "CBM 132 Extra"]
[Source "ChessBase"]
[SourceDate "2009.11.03"]
[SourceVersion "1"]
[SourceVersionDate "2009.11.03"]
[SourceQuality "1"]

1. e4 e5 2. Nf3 Nc6 3. Nc3 Nf6 4. Bb5 Bb4 5. 0-0 0-0 6. a3 Bxc3 7. dxc3 Nxe4 8. Bxc6 dxc6 9. Qxd8 Rxd8 10. Bg5 Nxg5 11. Nxg5 h6 12. Nf3 e4 13. Ne5 Rd5 14. Nc4 Rg5 15. Ne3 Be6 16. Rad1 Rb5 17. Rb1 Rd8 18. Rfd1 Rxd1+ 19. Nxd1 Rg5 20. Ne3 c5 21. c4 f5 22. b3 f4 23. Nf1 Bh3 24. Nd2 Rxg2+ 25. Kf1 Rxh2+ 26. Kg1 Rg2+ 27. Kf1 e3 28. fxe3 fxe3 29. Nf3 Rf2+ 30. Ke1 Rxf3 31. Rd1 Rf1+ 32. Ke2 Rf2+ 33. Kxe3 Rxc2 34. Rh1 Rc3+ 35. Kd2 Rxb3 36. Ra1 Kh7 37. Kc2 Rf3 38. a4 Bf1 39. Rd1 Bxc4 40. Ra1 Bb3+ 41. Kd2 a6 42. Ke2 Rf4 43. Rb1 c4 44. Ke3 Rf7 45. Ra1 c3 46. Rb1 Bxa4 47. Rc1 c2 48. Kd2 Rf2+ 49. Ke1 Rh2 50. Ra1 b5 51. Rc1 b4 52. Ra1 Bb5 53. Rc1 b3 54. Ra1 b2 55. Ra2 b1Q# 0-1